| 000 | 00528nam a2200145Ia 4500 | ||
|---|---|---|---|
| 008 | 230917s9999||||xx |||||||||||||| ||und|| | ||
| 040 |
_e62685 _aMAIN |
||
| 041 | _aEnglish | ||
| 082 | _a589.3 F919S | ||
| 100 | _aFritsch, F E | ||
| 245 | 4 | _aThe structure and reproduction of the algae. v.1: Introduction, chorophyceae, Xanthophyceae, chrysophyceae, bacillariophyceae, cryptophyceae, dinophyceae, Cheromonadineae, euglenineae, colourless, flagellata | |
| 260 |
_aNew Delhi _bVikas _c1979 |
||
| 300 | _axvii, 791 p. | ||
| 942 | _cBK | ||
| 999 |
_c47757 _d47757 |
||